000 00729nam a22001937a 4500
999 _c165688
_d165688
005 20230714125633.0
010 _aUR-10253
020 _a9789350738221
_c500.00
035 _aU-8808
037 _bDBAD/PUB
082 _a840
100 _aمر تبہ:فا د ر ی ر فيع ا لد ين
245 _aا فا د ا ت ز ور(جلد ا و ل ) /
_cمر تبہ:فا د ر ی ر فيع ا لد ين
246 _bIfadat-e-Zore (Vol.1) (Urdu) /
_aby Syed Mohiuddin Qadri
260 _aDelhi
_bEducational Publishing House
_c2016 ء
270 _a3191،Vakil Street,Kucha Pandit,Lal Kuan,
_bDelhi
_e110006
_k23216162
_l00911123211540
300 _a436 ص
_c22cm(Hb)
942 _2ddc
_cUR
_h840
_mق ا د